The penguin book hindu names / (Record no. 134498)

MARC details
000 -LEADER
fixed length control field 00667nam a22002417a 4500
005 - DATE AND TIME OF LATEST TRANSACTION
control field 20170124110227.0
010 ## - LIBRARY OF CONGRESS CONTROL NUMBER
LC control number A-573331
020 ## - INTERNATIONAL STANDARD BOOK NUMBER
Terms of availability 00.00
035 ## - SYSTEM CONTROL NUMBER
System control number A-573331
037 ## - SOURCE OF ACQUISITION
Source of stock number/acquisition Cen Lib/Ret
040 ## - CATALOGING SOURCE
Original cataloging agency DPL
Language of cataloging EN
082 ## - DEWEY DECIMAL CLASSIFICATION NUMBER
Classification number 929.44
Item number GAN
100 ## - MAIN ENTRY--PERSONAL NAME
Personal name Gandhi, Maneka
9 (RLIN) 25218
245 ## - TITLE STATEMENT
Title The penguin book hindu names /
Statement of responsibility, etc by Maneka Gandhi
260 ## - PUBLICATION, DISTRIBUTION, ETC. (IMPRINT)
Place of publication, distribution, etc New Delhi
Name of publisher, distributor, etc Viking
Date of publication, distribution, etc 1989
270 ## - ADDRESS
Address B4/246, Safdarjang Enclave
City New Delhi
Postal code 110029
300 ## - PHYSICAL DESCRIPTION
Extent 485p.
Dimensions 21cm(Hb)
650 ## - SUBJECT ADDED ENTRY--TOPICAL TERM
Topical term or geographic name as entry element Names, Personal
Geographic subdivision India
9 (RLIN) 40891
650 ## - SUBJECT ADDED ENTRY--TOPICAL TERM
Topical term or geographic name as entry element Masculine names
9 (RLIN) 40892
700 ## - ADDED ENTRY--PERSONAL NAME
9 (RLIN) 40753
700 ## - ADDED ENTRY--PERSONAL NAME
9 (RLIN) 38731
942 ## - ADDED ENTRY ELEMENTS (KOHA)
Source of classification or shelving scheme Dewey Decimal Classification
Koha item type English Books
Classification part 929.44
Call number suffix GAN
Holdings
Withdrawn status Lost status Damaged status Not for loan Collection code Home library Current library Date acquired Source of acquisition Cost, normal purchase price Total Checkouts Full call number Barcode Date last seen Copy number Cost, replacement price Price effective from Koha item type
      Not For Loan Reference Central Library Central Library 30/07/2015 Cen Lib/Ret 0.00   929.44 GAN A-573331 30/07/2015 1 0.00 30/07/2015 English Books

© Delhi Public Library
Hit Counter
free hit counter